[Event "4NCL/Div4/WGR3 vs. AD3 final"]
[Site "West Bromwich ENG"]
[Date "2003.05.24"]
[Round "9.6"]
[White "Moore, Kevin J"]
[Black "Cutmore, David M"]
[Result "0-1"]
[WhiteElo "1128"]
[BlackElo "1848"]
[Annotator "Mark Hogarth"]
[PlyCount "88"]
[EventDate "2003.05.24"]

1. Nf3 d6 2. c4 e5 3. Nc3 f5 4. e4 Nf6 5. d3 c6 6. g3 Be7 7. Bg2 O-O 8. O-O Na6
9. Bg5 Ne8 10. Qd2 Nac7 11. Bxe7 Qxe7 12. Rfe1 f4 13. Ne2 Ne6 14. b4 g5 15. g4
h5 16. h3 hxg4 17. hxg4 Nf6 18. Bh3 Rf7 19. Kg2 Nf8 20. Rh1 Nxg4 21. Rag1 Rh7
22. Kf1 Ne3+ 23. fxe3 Bxh3+ 24. Ke1 g4 $6 25. exf4 exf4 26. Nxf4 Rg7 27. Nxh3
$18 gxf3 28. Qf4 $6 (28. Rxg7+ Kxg7 29. Rg1+ Kf7 30. Ng5+) 28... Ng6 29. Qxf3
Qe5 30. Ke2 $2 Qb2+ 31. Ke3 c5 32. bxc5 dxc5 33. Qh5 Qd4+ 34. Ke2 Rd8 35. Rd1
Qb2+ 36. Ke3 Ne5 37. Qxe5 $2 Qxe5 38. Nf4 Rg3+ 39. Ke2 Qxf4 40. Rdf1 Qe3+ 41.
Kd1 Rxd3+ 42. Kc2 Rd2+ 43. Kb1 Qd3+ 44. Ka1 Qc3+ 0-1

[Event "4NCL/Div4/HKF vs. MET final"]
[Site "West Bromwich ENG"]
[Date "2003.05.24"]
[Round "9.1"]
[White "Wilson, Jonathan"]
[Black "Fogarasi, Norbert"]
[Result "1/2-1/2"]
[WhiteElo "2310"]
[BlackElo "2162"]
[PlyCount "46"]
[EventDate "2003.05.24"]

1. d4 d5 2. c4 c6 3. Nf3 Nf6 4. Qc2 e6 5. g3 Nbd7 6. Bg2 Bd6 7. O-O O-O 8. Nbd2
e5 9. cxd5 cxd5 10. dxe5 Nxe5 11. Nxe5 Bxe5 12. Nf3 Bd6 13. Rd1 Be6 14. Nd4 Qb6
15. Qb3 Qxb3 16. axb3 Bc5 17. Be3 Bb6 18. h3 Rac8 19. Rac1 Rxc1 20. Rxc1 Rc8
21. Rxc8+ Bxc8 22. Nc2 Bxe3 23. Nxe3 Be6 1/2-1/2

[Event "4NCL/Div4/HKF vs. MET final"]
[Site "West Bromwich ENG"]
[Date "2003.05.24"]
[Round "9.2"]
[White "Noden, Nicolas"]
[Black "Connell, Blair"]
[Result "0-1"]
[WhiteElo "2196"]
[BlackElo "2260"]
[Annotator "Mark Hogarth"]
[PlyCount "86"]
[EventDate "2003.05.24"]

1. e4 d5 2. exd5 Qxd5 3. Nc3 Qa5 4. d4 Nf6 5. Nf3 c6 6. Bd2 Bf5 7. Ne4 Qc7 8.
Nxf6+ gxf6 9. g3 e6 10. Bg2 Be4 11. O-O Nd7 12. Re1 Bxf3 13. Qxf3 O-O-O 14. b4
Be7 15. a4 Nb6 16. b5 Rxd4 17. Be3 Rxa4 18. Rxa4 $2 (18. bxc6 $1 $18) 18...
Nxa4 19. bxc6 b6 20. Qg4 Nc5 21. Bf4 $6 (21. Qg7 $1 Rf8 22. Bf4 e5 23. Bh6 $16)
21... Bd6 22. Bxd6 Qxd6 23. Rd1 f5 24. Qh5 Qe7 25. Re1 Qf6 26. Qf3 Qd4 27. Rd1
Qg4 28. Kf1 $6 Qxf3 29. Bxf3 Rd8 $19 30. Ra1 a5 31. Ke2 Kc7 32. h3 Ne4 33. Ke3
Kxc6 34. Ra4 Kb5 35. Ra3 a4 36. Bxe4 fxe4 37. Kxe4 Kb4 38. Ra2 b5 39. Ke3 Rd1 (
39... Kc3 $1) 40. Ke2 Rh1 41. h4 Kc3 42. Ke3 Re1+ 43. Kf3 Rc1 0-1

[Event "4NCL/Div4/HKF vs. MET final"]
[Site "West Bromwich ENG"]
[Date "2003.05.24"]
[Round "9.3"]
[White "Truran, Michael"]
[Black "Calvert, D Ian"]
[Result "1-0"]
[WhiteElo "2205"]
[BlackElo "2026"]
[PlyCount "87"]
[EventDate "2003.05.24"]

1. d4 d5 2. c4 c6 3. Nf3 Nf6 4. e3 g6 5. Nc3 Bg7 6. Be2 O-O 7. O-O a6 8. a4 Bg4
9. Qb3 Ra7 10. h3 Bxf3 11. Bxf3 e6 12. Rd1 Nbd7 13. cxd5 cxd5 14. Bd2 b6 15.
Be2 Qa8 16. Rac1 Rc8 17. Na2 Ne4 18. Rxc8+ Qxc8 19. Rc1 Rc7 20. Rxc7 Qxc7 21.
Be1 a5 22. f3 Nd6 23. Bg3 Bf8 24. Bf4 Nf6 25. g4 Qc6 26. Kf2 Nfe8 27. Nc3 Nc7
28. Bd3 Bg7 29. Ne2 f5 30. Qc3 Qxc3 31. Nxc3 Bf8 32. Nb5 Ncxb5 33. Bxb5 Kf7 34.
b3 h6 35. gxf5 gxf5 36. Kg3 Ke7 37. Kh4 $16 Nxb5 $2 38. axb5 Kd7 39. Kh5 $18
Ke7 40. Bxh6 Bxh6 41. Kxh6 Kf6 42. f4 Kf7 43. Kh7 e5 44. fxe5 1-0

[Event "4NCL/Div4/HKF vs. MET final"]
[Site "West Bromwich ENG"]
[Date "2003.05.24"]
[Round "9.4"]
[White "Dickson, George"]
[Black "Ogunshola, Ben"]
[Result "1-0"]
[WhiteElo "2016"]
[BlackElo "2164"]
[PlyCount "93"]
[EventDate "2003.05.24"]

1. d4 Nf6 2. Nf3 g6 3. Bf4 Bg7 4. h3 O-O 5. e3 c5 6. c3 Qb6 7. Qb3 d5 8. Nbd2
Bf5 $2 9. dxc5 Qxb3 10. axb3 Nfd7 11. b4 e5 12. Bh2 Nc6 13. Be2 d4 14. e4 Be6
15. Ng5 Rfc8 16. Nxe6 fxe6 17. O-O a5 18. Bb5 axb4 19. cxb4 Kf7 $2 20. Nc4 $18
Ke7 21. Bg3 Bf6 22. Nd6 Rxa1 $4 23. Nxc8+ Kd8 24. Rxa1 Kxc8 25. Bxc6 bxc6 26.
Kf1 Kb7 27. Ke2 g5 28. f3 Bd8 29. Kd3 h5 30. Bf2 Nf8 31. Kc4 Ng6 32. g3 Ne7 33.
b5 cxb5+ 34. Kxb5 Nc6 35. b4 Be7 36. Kc4 Na7 37. f4 exf4 38. gxf4 gxf4 39. Bxd4
Bh4 40. b5 Nc8 41. c6+ Kc7 42. Be5+ Nd6+ 43. Bxd6+ Kxd6 44. Rd1+ Kc7 45. Rd7+
Kc8 46. Rf7 e5 47. b6 1-0

[Event "4NCL/Div4/HKF vs. MET final"]
[Site "West Bromwich ENG"]
[Date "2003.05.24"]
[Round "9.5"]
[White "Fowler, Simon"]
[Black "Djabri, Zafer M"]
[Result "1-0"]
[WhiteElo "2160"]
[BlackElo "1864"]
[PlyCount "71"]
[EventDate "2003.05.24"]

1. d4 Nf6 2. Bg5 Ne4 3. Bf4 c5 4. f3 Qa5+ 5. c3 Nf6 6. Nd2 cxd4 7. Nb3 Qb6 8.
Qxd4 Nc6 9. Qxb6 axb6 10. Be3 d5 11. Bxb6 e5 12. e4 Be6 13. Nc5 Bxc5 14. Bxc5
dxe4 15. a3 O-O-O 16. Bb5 Rd5 17. b4 Kc7 18. a4 Ra8 19. a5 exf3 20. Nxf3 Ne4
21. Bb6+ {{=} Kd7 $2 22. c4 $18 Rxb5 23. cxb5 Nxb4 24. Rd1+ Ke7 25. O-O Nd5 26.
Nxe5 Nxb6 27. axb6 Ra5 28. Rb1 Nd2 29. Nc6+ $1 bxc6 30. b7 Nxb1 31. b8=Q Rxb5
32. Qc7+ Bd7 33. Re1+ Kf6 34. Qxd7 Nc3 35. Qxc6+ Kg5 36. Qxc3 1-0

[Event "4NCL/Div4/HKF vs. MET final"]
[Site "West Bromwich ENG"]
[Date "2003.05.24"]
[Round "9.6"]
[White "Kruszynski, Robert G"]
[Black "Dasaolu, Adeyo"]
[Result "0-1"]
[WhiteElo "1792"]
[BlackElo "1984"]
[PlyCount "72"]
[EventDate "2003.05.24"]

1. c4 Nf6 2. Nc3 c5 3. g3 Nc6 4. Bg2 e6 5. e4 d6 6. Nge2 e5 7. d3 Be7 8. h3 O-O
9. f4 Nd4 10. Be3 Bd7 11. f5 Bc6 12. O-O a6 13. g4 Kh8 14. Qd2 b5 15. b3 b4 16.
Nd5 Bxd5 17. exd5 Nd7 18. Ng3 a5 19. Ne4 a4 20. Qb2 Nf6 21. Ng3 h6 22. Be4 Nh7
23. Bxd4 exd4 24. Nh5 Bg5 25. Nf4 Nf6 26. Rae1 Nd7 27. Ng2 axb3 28. axb3 Ra3
29. Ra1 Qa5 30. h4 $2 Bd2 $19 31. Qxd2 Rxa1 32. g5 Rxf1+ 33. Kxf1 Qa1+ 34. Kf2
Ra8 35. Ne1 Ra2 36. Nc2 Qc3 0-1

[Event "4NCL/Div4/ATH2 vs. SXM final"]
[Site "West Bromwich ENG"]
[Date "2003.05.24"]
[Round "9.1"]
[White "Weighell, Mark"]
[Black "Almond, Richard"]
[Result "1/2-1/2"]
[WhiteElo "2131"]
[BlackElo "2171"]
[PlyCount "88"]
[EventDate "2003.05.24"]

1. e4 d5 2. exd5 Qxd5 3. Nc3 Qa5 4. Nf3 Nf6 5. Bc4 c6 6. h3 Bf5 7. d3 e6 8. O-O
Bd6 9. Qe2 O-O 10. Nh4 h6 11. Bd2 Qe5 12. Qxe5 Bxe5 13. Nxf5 exf5 14. Rfe1 Nbd7
15. a4 Rfe8 16. Kf1 Bd6 17. Rxe8+ Rxe8 18. Re1 Kf8 19. Rxe8+ Kxe8 20. Ne2 h5
21. Nd4 g6 22. Nf3 Ne5 23. Nxe5 Bxe5 24. b4 a6 25. Ke2 Ke7 26. Bg5 Bd4 27. f3
Bc3 28. b5 axb5 29. axb5 Ke8 30. bxc6 bxc6 31. Be3 Be5 32. Bb3 Ke7 33. Bg5 Ke8
34. Ke3 Nd5+ 35. Bxd5 cxd5 36. c4 dxc4 37. dxc4 Kd7 38. Kd3 f6 39. Be3 Kc6 40.
Bd4 Kd6 41. g4 Bxd4 42. Kxd4 fxg4 43. fxg4 hxg4 44. hxg4 f5 1/2-1/2

[Event "4NCL/Div4/ATH2 vs. SXM final"]
[Site "West Bromwich ENG"]
[Date "2003.05.24"]
[Round "9.2"]
[White "Linford, Charles M"]
[Black "Pedersen, Carsten"]
[Result "1-0"]
[WhiteElo "2185"]
[BlackElo "1944"]
[PlyCount "70"]
[EventDate "2003.05.24"]

1. e4 e6 2. d4 d5 3. Nd2 Nf6 4. e5 Nfd7 5. Bd3 c5 6. c3 Nc6 7. Ne2 cxd4 8. cxd4
f6 9. exf6 Qxf6 10. Nf3 h6 11. O-O Bd6 12. Ng3 O-O 13. Nh5 Qf7 14. Nh4 Ne7 15.
g3 Nf6 16. Bf4 Ne8 17. Rc1 Nf5 18. Nxf5 exf5 19. Re1 g5 20. Rxe8 gxf4 21. Rxf8+
Kxf8 22. Qf3 fxg3 23. fxg3 Bd7 24. Nf4 Qf6 25. Qxd5 Bxf4 26. gxf4 Rd8 27. Qc5+
Kg7 28. Re1 Bc6 29. Re7+ Kh8 30. Qe5 Qxe5 31. fxe5 Rxd4 32. Bxf5 Rd2 33. Rh7+
Kg8 34. Rxh6 Rxb2 35. h4 Rxa2 1-0

[Event "4NCL/Div4/ATH2 vs. SXM final"]
[Site "West Bromwich ENG"]
[Date "2003.05.24"]
[Round "9.3"]
[White "Gostelow, David W"]
[Black "de Mooi, Connagh-Joseph"]
[Result "1-0"]
[WhiteElo "1944"]
[BlackElo "1720"]
[PlyCount "66"]
[EventDate "2003.05.24"]

1. d4 f5 2. Nf3 Nf6 3. Bf4 d6 4. e3 g6 5. Be2 Bg7 6. h3 O-O 7. c4 Qe8 8. Nc3
Nbd7 9. Nb5 Qd8 10. Ng5 Nb6 11. Qb3 h6 12. Nf3 Be6 13. d5 Bf7 14. Nfd4 Nbd7 15.
g4 Nc5 16. Qc2 g5 17. Bg3 fxg4 18. hxg4 Nfe4 19. Nf5 Bg6 20. Nxh6+ Bxh6 21.
Rxh6 Qe8 22. Nxc7 Qf7 23. Nxa8 Rxa8 24. O-O-O Kg7 25. Rdh1 Nxg3 26. Rh7+ Bxh7
27. Rxh7+ Kg8 28. Rxf7 Nxe2+ 29. Qxe2 Kxf7 30. Qf3+ Kg7 31. Qf5 Rh8 32. Qxg5+
Kf7 33. Qf5+ Kg7 1-0

[Event "4NCL/Div4/ATH2 vs. SXM final"]
[Site "West Bromwich ENG"]
[Date "2003.05.24"]
[Round "9.4"]
[White "Fraser, Joe"]
[Black "Blackie, Neville"]
[Result "1/2-1/2"]
[WhiteElo "1448"]
[BlackElo "1768"]
[PlyCount "81"]
[EventDate "2003.05.24"]

1. e4 c5 2. Nf3 d6 3. d4 cxd4 4. Nxd4 Nf6 5. Nc3 Nc6 6. Be2 e6 7. Be3 a6 8. O-O
Be7 9. f4 O-O 10. Bf3 Qc7 11. Qe1 Nxd4 12. Bxd4 e5 13. Be3 b5 14. a3 Bb7 15.
Rd1 Rfd8 16. Rf2 Rac8 17. Rfd2 Qb8 18. f5 Rc4 19. Bf2 Rdc8 20. Bh4 b4 21. axb4
Rxb4 22. Bxf6 gxf6 23. Bh5 Rxb2 24. Rd3 Qa7+ 25. Kh1 Rxc2 26. Qg3+ Kf8 27. Qh3
Qc5 28. Na4 Qb5 29. Bg6 fxg6 30. fxg6 hxg6 31. Rb3 Qe2 32. Qh8+ Kf7 33. Qh7+
Ke6 34. Qh3+ f5 35. exf5+ gxf5 36. Qh6+ Kf7 37. Qh7+ Kf8 38. Qh8+ Kf7 39. Qh7+
Kf6 40. Qh6+ Kf7 41. Qh7+ 1/2-1/2

[Event "4NCL/Div4/ATH2 vs. SXM final"]
[Site "West Bromwich ENG"]
[Date "2003.05.24"]
[Round "9.5"]
[White "Barkwill, Martin A"]
[Black "Eichner, Daniel"]
[Result "0-1"]
[WhiteElo "1664"]
[BlackElo "1328"]
[PlyCount "148"]
[EventDate "2003.05.24"]

1. c4 e5 2. Nc3 Bc5 3. e4 d6 4. g3 f5 5. Bg2 Nc6 6. Nge2 Nf6 7. O-O O-O 8. a3
fxe4 9. Nxe4 Nxe4 10. Bxe4 Qf6 11. Qe1 Bh3 12. Bg2 Bxg2 13. Kxg2 Qf3+ 14. Kg1
Rf7 15. Nc3 Raf8 16. b4 Bxf2+ 17. Rxf2 Qxf2+ 18. Qxf2 Rxf2 19. Ne4 Rf1+ 20. Kg2
Nd4 21. Bb2 Rxa1 22. Bxa1 Nb3 23. Bc3 b6 24. Ng5 a5 25. Ne6 axb4 26. axb4 Rf7
27. h3 h6 28. Nd8 Rd7 29. Nc6 Kf7 30. Kf3 Ke6 31. Ke4 g5 32. b5 Nc1 33. Ke3 Nb3
34. Ke4 Nc5+ 35. Ke3 Nb7 36. d4 Nd8 37. Nb4 exd4+ 38. Bxd4 Rf7 39. Nd5 Nb7 40.
Ke2 Na5 41. Ne3 Nb3 42. Bc3 Nc5 43. Nd5 Ne4 44. Be1 Nf6 45. Nb4 d5 46. cxd5+
Nxd5 47. Nc6 Kf5 48. h4 gxh4 49. gxh4 Ke4 50. Bd2 Nf4+ 51. Kd1 Rd7 52. Kc2 Rd5
53. Na7 Rh5 54. Be1 Ng2 55. Bg3 Nxh4 56. Kb3 Kd5 57. Bxc7 Kc5 58. Nc8 Kxb5 59.
Bxb6 Kc6 60. Be3 Rb5+ 61. Kc4 Rb7 62. Na7+ Kd7 63. Nb5 Nf5 64. Bf4 h5 65. Nc3
h4 66. Ne4 Rb1 67. Kd5 Ne7+ 68. Ke5 Ng6+ 69. Kf5 Rf1 70. Nf6+ Kd8 71. Nh5 Nxf4
72. Nxf4 h3 73. Kg4 h2 74. Ne6+ Ke7 0-1

[Event "4NCL/Div4/ATH2 vs. SXM final"]
[Site "West Bromwich ENG"]
[Date "2003.05.24"]
[Round "9.6"]
[White "Fraser, A Scott"]
[Black "Aniecko, Colin"]
[Result "0-1"]
[WhiteElo "1064"]
[BlackElo "1512"]
[PlyCount "100"]
[EventDate "2003.05.24"]

1. d4 d5 2. c4 e6 3. Nc3 Nf6 4. e3 c5 5. cxd5 Nxd5 6. Nf3 a6 7. e4 Nxc3 8. bxc3
b5 9. Be3 c4 10. g3 Ba3 11. Bg2 Bb2 12. Rb1 Bxc3+ 13. Ke2 Bb7 14. Qc2 Ba5 15.
Rhd1 Qe7 16. Bd2 Bxd2 17. Rxd2 O-O 18. Kf1 Rd8 19. Ne1 Nc6 20. Qc3 Rac8 21. d5
exd5 22. exd5 Nb8 23. Nc2 Qd6 24. Rbd1 Nd7 25. Ne3 b4 26. Qd4 c3 27. Rc2 Qc5
28. Qxc5 Nxc5 29. d6 Bxg2+ 30. Kxg2 Rc6 31. Rd4 Rb6 32. Re2 g6 33. Nc2 a5 34.
Rd5 Nb7 35. d7 Kf8 36. Ne3 Rd6 37. Rxd6 Nxd6 38. Re1 Nb7 39. Rd1 Ke7 40. Kf1
Rxd7 41. Ke2 Rxd1 42. Kxd1 Kd6 43. Kc2 Kc5 44. h3 f5 45. h4 Nd6 46. Nd1 Ne4 47.
Kd3 a4 48. Kc2 Kd4 49. Kc1 Kd3 50. f3 Nxg3 0-1

[Event "4NCL/Div4/MET vs. WGR3 final"]
[Site "West Bromwich ENG"]
[Date "2003.05.25"]
[Round "10.1"]
[White "Fogarasi, Norbert"]
[Black "Lee, Graham D"]
[Result "0-1"]
[WhiteElo "2162"]
[BlackElo "2367"]
[PlyCount "84"]
[EventDate "2003.05.25"]

1. e4 c6 2. d4 d5 3. e5 Bf5 4. Nc3 e6 5. g4 Bg6 6. Nge2 Nd7 7. Nf4 Ne7 8. h4 h6
9. Be3 Qb6 10. Nxg6 Nxg6 11. Na4 Qa5+ 12. c3 b5 13. h5 Ngxe5 14. dxe5 Qxa4 15.
Qxa4 bxa4 16. f4 Bc5 17. Bd2 f6 18. O-O-O fxe5 19. fxe5 Nxe5 20. Re1 Bd6 21.
Bf4 Nd3+ 22. Bxd3 Bxf4+ 23. Kc2 Kd7 24. Rhf1 e5 25. Bf5+ Kd6 26. Rd1 Rab8 27.
Rd3 Kc5 28. Rdf3 Rb7 29. Bg6 Rhb8 30. Rb1 Kd6 31. Rd3 Rb5 32. Bf5 Bg5 33. Bg6
Bf6 34. Bf5 Rc5 35. Bg6 Rc4 36. Bf5 e4 37. Rdd1 a3 38. b3 Rxc3+ 39. Kd2 Rb4 40.
Rbc1 Rh3 41. Ke2 Rh2+ 42. Kf1 Rxa2 0-1

[Event "4NCL/Div4/MET vs. WGR3 final"]
[Site "West Bromwich ENG"]
[Date "2003.05.25"]
[Round "10.2"]
[White "Savage, Ben D"]
[Black "Noden, Nicolas"]
[Result "1-0"]
[WhiteElo "2182"]
[BlackElo "2196"]
[PlyCount "133"]
[EventDate "2003.05.25"]

1. Nf3 g6 2. d4 Nf6 3. Nc3 d5 4. Bf4 Bg7 5. e3 O-O 6. Be2 c6 7. Ne5 Nfd7 8. Nf3
Nf6 9. h3 Nbd7 10. O-O Re8 11. Ne5 Qb6 12. Rb1 Nf8 13. Na4 Qd8 14. c4 Ne6 15.
Bh2 dxc4 16. Bxc4 Rf8 17. Nc3 Nd5 18. Nxd5 cxd5 19. Bb3 b6 20. Nc6 Qd7 21. Bxd5
Ba6 22. Nb4 Bxf1 23. Bxa8 Bb5 24. Bf3 a5 25. Nd3 Rc8 26. Be2 Ba4 27. b3 Bc6 28.
Rc1 Ra8 29. Rxc6 Qxc6 30. Bf3 Qc8 31. Bxa8 Qxa8 32. Qc2 h5 33. Be5 Qe4 34. Bxg7
Kxg7 35. Nb4 Qh4 36. Nd5 b5 37. Nc3 b4 38. Ne2 Qg5 39. Qe4 Qf6 40. f4 Qh4 41.
Kf1 Kh7 42. Qe5 Ng7 43. Qg5 Qxg5 44. fxg5 h4 45. Nf4 Nf5 46. Ke2 Nd6 47. Kd3
Nb5 48. Nd5 e6 49. Nf6+ Kg7 50. Ne4 Nc7 51. Nd2 Nd5 52. Nf3 Nc3 53. a3 f6 54.
gxf6+ Kxf6 55. e4 g5 56. Ne5 Na2 57. Nd7+ Ke7 58. Nc5 Kf6 59. Ke3 Nc1 60. Kd2
Na2 61. Nb7 Nc3 62. Kd3 g4 63. Nxa5 g3 64. Nc6 Kg5 65. Ke3 Nd1+ 66. Kf3 Nc3 67.
a4 1-0

[Event "4NCL/Div4/MET vs. WGR3 final"]
[Site "West Bromwich ENG"]
[Date "2003.05.25"]
[Round "10.3"]
[White "Calvert, D Ian"]
[Black "Maduekwe, Chiedu"]
[Result "1-0"]
[WhiteElo "2026"]
[BlackElo "2140"]
[Annotator "Mark Hogarth"]
[PlyCount "101"]
[EventDate "2003.05.25"]

1. b3 d5 2. Bb2 c5 3. e3 Nc6 4. Bb5 Qc7 5. Nf3 f6 6. d4 e6 7. c4 a6 8. Bxc6+
bxc6 9. Nc3 dxc4 10. bxc4 Rb8 11. Qc2 Nh6 12. O-O Be7 13. Ne4 cxd4 14. exd4 O-O
15. Rfe1 Nf7 16. Rad1 Rd8 17. c5 Rd5 18. Nc3 Rf5 19. Na4 Rxf3 20. gxf3 Ng5 21.
Re4 Nxe4 22. Qxe4 Rb4 23. Qc2 e5 24. Bc3 Rb5 25. Qe4 Be6 26. dxe5 f5 27. Qe2
Qc8 28. f4 Qe8 29. f3 Qf7 30. Bd4 Rb4 31. Qxa6 Qg6+ 32. Kf2 Qh5 (32... Bh4+ $1
33. Ke3 Qg2 $19) 33. Qxc6 Qxh2+ 34. Ke3 Kf7 35. Nc3 Rb2 36. Kd3 Qc2+ 37. Ke3
Bc4 $6 (37... Bh4 {leads to mate}) 38. e6+ Bxe6 39. Qa6 Qf2+ 40. Kd3 Qxf3+ 41.
Be3 Bxc5 42. Re1 Rb8 43. Qa5 Bb6 44. Qe5 Re8 45. Kd2 Bc4 46. Qxf5+ Kg8 47. Bxb6
Qg2+ 48. Ne2 Bxe2 $4 49. Rg1 Qh2 50. Rxg7+ Kxg7 51. Bd4+ 1-0

[Event "4NCL/Div4/MET vs. WGR3 final"]
[Site "West Bromwich ENG"]
[Date "2003.05.25"]
[Round "10.4"]
[White "Hillman, Jamie O"]
[Black "Dickson, George"]
[Result "1/2-1/2"]
[WhiteElo "2045"]
[BlackElo "2016"]
[PlyCount "91"]
[EventDate "2003.05.25"]

1. e4 d6 2. d4 Nf6 3. Nc3 g6 4. f4 Bg7 5. Nf3 O-O 6. Be2 Nc6 7. O-O d5 8. exd5
Nxd5 9. Nxd5 Qxd5 10. c3 Bf5 11. Bd3 Bxd3 12. Qxd3 Rad8 13. Be3 e5 14. fxe5
Nxe5 15. Nxe5 Bxe5 16. Qc2 Bg7 17. Qb3 Rfe8 18. Rae1 Re6 19. Bf4 c6 20. Qxb7
Bxd4+ 21. cxd4 Qxd4+ 22. Be3 Rxe3 23. Qxf7+ Kh8 24. Rxe3 Qxe3+ 25. Kh1 Qd4 26.
Qe7 h6 27. h3 Rg8 28. b3 Rg7 29. Qe8+ Kh7 30. Qxc6 Qb2 31. Qe8 Qxa2 32. Rf8
Qa1+ 33. Kh2 Rc7 34. Rf7+ Rxf7 35. Qxf7+ Qg7 36. Qxg7+ Kxg7 37. Kg3 Kf6 38. Kf4
Ke6 39. Ke4 Kd6 40. Kd4 a5 41. g3 g5 42. g4 Kc6 43. Kc4 Kb6 44. Kc3 Kc5 45. Kd3
Kd5 46. Kc3 1/2-1/2

[Event "4NCL/Div4/MET vs. WGR3 final"]
[Site "West Bromwich ENG"]
[Date "2003.05.25"]
[Round "10.5"]
[White "Djabri, Zafer M"]
[Black "Cutmore, Martin J"]
[Result "1/2-1/2"]
[WhiteElo "1864"]
[BlackElo "1896"]
[PlyCount "82"]
[EventDate "2003.05.25"]

1. c4 b6 2. Nc3 Bb7 3. e4 e6 4. d4 Bb4 5. Bd3 f5 6. Qe2 Nc6 7. Nf3 fxe4 8. Bxe4
Nf6 9. Bg5 O-O 10. O-O Bxc3 11. bxc3 Qe8 12. Bd3 Qh5 13. Bf4 Ne8 14. Bg3 Nd6
15. d5 exd5 16. cxd5 Rae8 17. Qc2 Nd8 18. c4 N8f7 19. Nd4 Ne5 20. Rfe1 Nxd3 21.
Qxd3 Rf6 22. Bxd6 Rxd6 23. Rxe8+ Qxe8 24. Nb5 Rh6 25. Rd1 Qh5 26. h3 c6 27. Nc7
Qe5 28. dxc6 Bxc6 29. Nd5 Re6 30. Qd4 Qxd4 31. Rxd4 Re1+ 32. Kh2 Re2 33. Kg3
Rxa2 34. Ne7+ Kf7 35. Nxc6 dxc6 36. Rd7+ Kf8 37. Rc7 c5 38. Kf3 Ra4 39. Ke3
Rxc4 40. Rxa7 Rb4 41. Rb7 Rb3+ 1/2-1/2

[Event "4NCL/Div4/MET vs. WGR3 final"]
[Site "West Bromwich ENG"]
[Date "2003.05.25"]
[Round "10.6"]
[White "Cutmore, David M"]
[Black "Kruszynski, Robert G"]
[Result "1-0"]
[WhiteElo "1848"]
[BlackElo "1792"]
[PlyCount "78"]
[EventDate "2003.05.25"]

1. d4 Nf6 2. c4 c5 3. d5 b5 4. cxb5 a6 5. bxa6 e6 6. Nc3 Nxd5 7. Nxd5 exd5 8.
Qxd5 Nc6 9. e3 Be7 10. Nf3 O-O 11. Be2 Qb6 12. O-O d6 13. e4 Be6 14. Qh5 f6 15.
b3 Nb4 16. Nd2 g6 17. Qh6 Rfd8 18. Bb2 Bf8 19. Qh4 g5 20. Qg3 Bg7 21. Bc4 Bxc4
22. Nxc4 Qc6 23. Rad1 Rxa6 24. e5 d5 25. exf6 Bxf6 26. a3 Nc2 27. Bxf6 Qxf6 28.
Ne3 Nd4 29. Rfe1 Rxa3 30. Qc7 Qd6 31. Qxd6 Rxd6 32. b4 c4 $2 33. Rxd4 Rb3 34.
Nxd5 Kf8 35. Rdd1 c3 36. Nxc3 Rb6 37. Nd5 Rb5 38. h3 Rb2 39. Rd4 Kf7 1-0

[Event "4NCL/Div4/AD3 vs. HKF final"]
[Site "West Bromwich ENG"]
[Date "2003.05.25"]
[Round "10.1"]
[White "Whitmore, Darren"]
[Black "Wilson, Jonathan"]
[Result "0-1"]
[WhiteElo "1704"]
[BlackElo "2310"]
[PlyCount "58"]
[EventDate "2003.05.25"]

1. Nf3 g6 2. g3 Bg7 3. Bg2 d6 4. d4 f5 5. O-O Nf6 6. c3 O-O 7. Qb3+ Kh8 8. Ng5
d5 9. Bf4 c6 10. Nd2 Ne4 11. Ndxe4 fxe4 12. Bxb8 Rxb8 13. f4 Bg4 14. h3 Bxe2
15. Ne6 Qd6 16. Nxf8 Bxf1 17. Rxf1 Bxf8 18. Qd1 Bg7 19. b4 b6 20. Qa4 Qc7 21.
Rb1 g5 22. Rf1 gxf4 23. gxf4 Bh6 24. f5 Rg8 25. Qc2 Qg3 26. f6 Qxh3 27. Rf2
Rxg2+ 28. Rxg2 Be3+ 29. Rf2 exf6 0-1

[Event "4NCL/Div4/AD3 vs. HKF final"]
[Site "West Bromwich ENG"]
[Date "2003.05.25"]
[Round "10.2"]
[White "Connell, Blair"]
[Black "Roberts, Colin"]
[Result "1-0"]
[WhiteElo "2260"]
[BlackElo "1608"]
[PlyCount "107"]
[EventDate "2003.05.25"]

1. e4 c6 2. c4 d5 3. exd5 cxd5 4. cxd5 Nf6 5. Nc3 Nxd5 6. Nf3 e6 7. Bc4 Nb6 8.
Bb3 Be7 9. O-O O-O 10. d4 N8d7 11. Re1 Nf6 12. Bc2 Nbd5 13. Ne5 Qc7 14. Qf3 b6
15. Qh3 Bb7 16. Bg5 g6 17. Qh6 Nxc3 18. bxc3 Nd5 19. Bxe7 Qxe7 20. c4 Nb4 21.
Be4 Bxe4 22. Rxe4 f6 23. Nf3 Qf7 24. Qd2 Nc6 25. Rae1 Rfe8 26. Qe2 e5 27. dxe5
Nxe5 28. Nxe5 Rxe5 29. Rxe5 fxe5 30. Qxe5 Qxc4 31. a3 Rc8 32. h4 Rf8 33. h5 Qf7
34. Qg3 Qf5 35. hxg6 Qxg6 36. Qe3 Qf7 37. Rc1 Re8 38. Qg3+ Qg7 39. Qxg7+ Kxg7
40. Rc7+ Kf6 41. Rxh7 Ra8 42. g4 Kg5 43. f3 Kf4 44. Kf2 Rc8 45. Rf7+ Ke5 46.
Rxa7 Rc3 47. Kg3 Kd5 48. g5 Ke6 49. Kg4 Ke5 50. f4+ Kd6 51. Kf5 Rc5+ 52. Kf6
Rc3 53. f5 b5 54. g6 1-0

[Event "4NCL/Div4/AD3 vs. HKF final"]
[Site "West Bromwich ENG"]
[Date "2003.05.25"]
[Round "10.3"]
[White "Pohribnyj, Chris"]
[Black "Fowler, Simon"]
[Result "0-1"]
[WhiteElo "1600"]
[BlackElo "2160"]
[PlyCount "54"]
[EventDate "2003.05.25"]

1. d4 d5 2. c4 e6 3. Nc3 c6 4. e3 f5 5. Nf3 Bd6 6. Bd3 Nf6 7. cxd5 exd5 8. Nd2
O-O 9. Qc2 Ne4 10. Nf3 Nd7 11. Bd2 Qe7 12. h4 Ndf6 13. Ng5 Ng4 14. Bxe4 fxe4
15. Nh3 Qxh4 16. O-O-O Nxf2 17. Be1 Nd3+ 18. Rxd3 exd3 19. Qxd3 Qe7 20. Nf2 Bf5
21. e4 dxe4 22. Qc4+ Qf7 23. d5 cxd5 24. Qe2 Bf4+ 25. Kd1 Rac8 26. Bd2 Bxd2 27.
Qxd2 e3 0-1

[Event "4NCL/Div4/AD3 vs. HKF final"]
[Site "West Bromwich ENG"]
[Date "2003.05.25"]
[Round "10.4"]
[White "Ogunshola, Ben"]
[Black "Rea, Bill"]
[Result "1-0"]
[WhiteElo "2164"]
[BlackElo "1656"]
[PlyCount "77"]
[EventDate "2003.05.25"]

1. c4 e5 2. Nc3 Nc6 3. g3 Bc5 4. Bg2 Nge7 5. a3 a5 6. b3 d6 7. d3 O-O 8. e3 Qe8
9. Bb2 f6 10. Nge2 Bg4 11. h3 Bh5 12. O-O Rb8 13. Qd2 Nd8 14. Rae1 c6 15. Ne4
Ne6 16. d4 f5 17. Nxc5 dxc5 18. dxe5 b6 19. f4 h6 20. Qc2 Qf7 21. Rd1 Rfd8 22.
Rd6 Rbc8 23. Rfd1 Kf8 24. R1d3 Ke8 25. Nc3 g5 26. Qd2 gxf4 27. gxf4 Qg8 28. Kh2
Bf7 29. Na4 Rb8 30. Rxd8+ Nxd8 31. Nxb6 Be6 32. Bf3 Qg6 33. Qd1 Nf7 34. Bh5 Qg7
35. Rd6 Bd5 36. cxd5 Rxb6 37. dxc6 Nxc6 38. Rd7 Ncxe5 39. Bxe5 1-0

[Event "4NCL/Div4/AD3 vs. HKF final"]
[Site "West Bromwich ENG"]
[Date "2003.05.25"]
[Round "10.5"]
[White "Graham, Louis"]
[Black "Pym, Thomas W"]
[Result "0-1"]
[WhiteElo "1360"]
[BlackElo "1997"]
[PlyCount "82"]
[EventDate "2003.05.25"]

1. d4 Nf6 2. Nf3 e6 3. Bg5 c5 4. c3 d5 5. e3 Nc6 6. Bd3 Qb6 7. Qc1 Bd7 8. Nbd2
Rc8 9. Qb1 Bd6 10. Bxf6 gxf6 11. Bxh7 f5 12. Ng5 cxd4 13. exd4 Bf4 14. h4 Nxd4
15. cxd4 Qb4 16. Qd1 Qxb2 17. Ndf3 Bb5 18. Rb1 Qc3+ 19. Nd2 Bd3 20. Rb3 Bxd2+
21. Qxd2 Qa1+ 22. Qd1 Qxd1+ 23. Kxd1 Bc2+ 24. Kd2 Bxb3 25. axb3 Ke7 26. Re1 Rc6
27. Bxf5 Rxh4 28. Nf3 Rh8 29. Bd3 {{=} f6 30. g3 Rhc8 31. Rb1 Kd6 32. Rb2 e5
33. Bf5 R8c7 34. Rc2 e4 35. Rxc6+ bxc6 36. Ne1 c5 37. Kc3 cxd4+ 38. Kxd4 Rc1
39. Ng2 Rc2 40. Ne3 Rxf2 41. Bg4 Rd2+ 0-1

[Event "4NCL/Div4/AD3 vs. HKF final"]
[Site "West Bromwich ENG"]
[Date "2003.05.25"]
[Round "10.6"]
[White "Hogarth, Mark J"]
[Black "Moore, Kevin J"]
[Result "1-0"]
[WhiteElo "1720"]
[BlackElo "1128"]
[PlyCount "51"]
[EventDate "2003.05.25"]

1. e4 c5 2. Nc3 Nc6 3. f4 e6 4. Nf3 d6 5. Bb5 Bd7 6. O-O g6 7. Bxc6 Bxc6 8. Qe1
Bg7 9. f5 Qd7 10. a4 O-O-O 11. fxe6 fxe6 12. Nb5 Bxb5 13. axb5 Kb8 14. c4 b6
15. d3 Ne7 16. Ra6 Rhe8 17. b4 Nc8 18. Bg5 Ne7 19. Qh4 h5 20. Qg3 Rg8 21. bxc5
bxc5 22. Rb1 Kb7 23. Qe1 Ra8 24. Bxe7 Qxe7 25. Qa5 Rgb8 26. Rc6 1-0